|
|
|
|
| LEADER |
00780nab a2200193 i 4500 |
| 001 |
acta52696 |
| 005 |
20250325115211.0 |
| 008 |
180531s1947 hu o 000 hun d |
| 040 |
|
|
|a SZTE Egyetemi Kiadványok Repozitórium
|b hun
|
| 041 |
|
|
|a hun
|
| 100 |
1 |
|
|a Kerékgyártó Árpád
|
| 245 |
1 |
2 |
|a A győzelmes tavaszi hadjárat
|h [elektronikus dokumentum] /
|c Kerékgyártó Árpád
|
| 260 |
|
|
|c 1947
|
| 300 |
|
|
|a 226-227
|
| 490 |
0 |
|
|a Gyakorlati pedagógia
|v 9 No. 7-8
|
| 650 |
|
4 |
|a Bölcsészettudományok
|
| 650 |
|
4 |
|a Történettudomány és régészet
|
| 695 |
|
|
|a Forradalom - Magyarország - 1848, Szabadságharc - Magyarország - 1848-1849, Magyarország története - 1848-1849
|
| 856 |
4 |
0 |
|u http://acta.bibl.u-szeged.hu/52696/1/gyakorlati_1947_007_008_226-227.pdf
|z Dokumentum-elérés
|